The predicament of culture : twentieth-century ethnography, literature, and art /

Bibliographic Details
Main Author: Clifford, James, 1945-
Format: Book
Language:English
Published: Cambridge, Mass. : Harvard University Press, 1988.
Subjects:

MARC

Tag First Indicator Second Indicator Subfields
LEADER 00000cam a2200000 a 4500
001 in00000019132
005 20151007054156.0
008 870814s1988 maua b 00110 eng
010 |a  87024173  
020 |a 0674698428 (alk. paper) 
020 |a 0674698436 (pbk. : alk. paper) 
035 |a (OCoLC)16685254 
035 |9 AAB4218AM 
040 |a DLC  |c DLC  |d TXA  |d UtOrBLW 
049 |a TXAM  |c [A11112914] 
050 0 0 |a GN308  |b .C55 1988 
082 0 |a 306/.09  |2 19 
100 1 |a Clifford, James,  |d 1945- 
245 1 4 |a The predicament of culture :  |b twentieth-century ethnography, literature, and art /  |c James Clifford. 
264 1 |a Cambridge, Mass. :  |b Harvard University Press,  |c 1988. 
300 |a xii, 381 pages :  |b illustrations ;  |c 24 cm. 
336 |a text  |b txt  |2 rdacontent 
337 |a unmediated  |b n  |2 rdamedia 
338 |a volume  |b nc  |2 rdacarrier 
504 |a Bibliography: pages 349-370. 
500 |a Includes index. 
650 0 |a Ethnology  |x History  |y 20th century. 
650 0 |a Ethnology  |x Philosophy. 
999 |a MARS 
999 f f |s 8fb65fa5-8827-38ac-9b68-b58d26594919  |i 94fa8909-7af5-3f1f-bf6e-c643fe7aa0d8  |t 0 
952 f f |p normal  |a Texas A&M University  |b College Station  |c Sterling C. Evans Library  |d Evans: Library Stacks  |t 0  |e GN308 .C55 1988  |h Library of Congress classification  |i unmediated -- volume  |m A14811112914 
998 f f |a GN308 .C55 1988  |t 0  |l Evans: Library Stacks